Blooket Blooks as of 4/21/2025 - Statistics

General Stats
  • This quiz has been taken 123 times
    35 since last reset
  • The average score is 41 of 273
Answer Stats
Obtaiment Answer Rarity Chance % Correct
Farm Animal Pack Chick Common Free
80%
Pet Pack Cat Common Free
60%
Farm Animal Pack Chicken Common Free
60%
Farm Animal Pack Cow Common Free
60%
Pet Pack Dog Common Free
60%
Farm Animal Pack Pig Common Free
50%
Medieval Pack King Legendary 1
45%
Safari Pack Rainbow Panda Chroma 0.02
45%
Space Pack Astronaut Legendary 0.45
40%
Bug Pack Butterfly Legendary 0.5
40%
Spooky Pack Ghost Legendary 0.65
40%
Safari Pack Lion Legendary 0.5
40%
Lucky Pack Lucky Frog Chroma St. Patrick's Day
40%
Ice Monsters Pack Yeti Legendary 0.35
40%
Aquatic Pack Baby Shark Legendary 0.5
35%
Farm Animal Pack Horse Common Free
35%
Ice Monsters Pack Ice Crab Chroma 0.02
35%
Wonderland Pack King of Hearts Legendary 0.3
35%
Pokemon Are Cool Tim the Alien Mystical Awarded
35%
Bug Pack Ant Uncommon 19.625
30%
Space Pack Black Astronaut Chroma 0.05
30%
Pet Pack Goldfish Common Free
30%
Space Pack Green Astronaut Chroma 0.05
30%
Spooky Pack Green Gummy Bear Chroma 0.02
30%
Ice Monsters Pack Ice Slime Chroma 0.08
30%
Bot Pack Mega Bot Legendary 0.3
30%
Safari Pack Panda Uncommon 15
30%
Potions of Pix'ahlia Phantom King Mystical Awarded
30%
Pirate Pack Pirate Pufferfish Chroma 0.03
30%
Pirate Pack Pirate Pufferfish Chroma 0.03
30%
Space Pack Red Astronaut Chroma 0.05
30%
Blizzard Pack Snowman Epic 5.15
30%
Spring Pack Spring Frog Chroma Easter
30%
Bug Pack Bee Rare 9
25%
Unreleased Blue Astronaut Chroma Unreleased
25%
Bug Pack Blue Butterfly Chroma 0.03
25%
Spooky Pack Blue Gummy Bear Chroma 0.02
25%
Farm Animal Pack Duck Common Free
25%
Breakfast Pack French Toast Epic 5
25%
Aquatic Pack Frog Uncommon 15
25%
Ice Monsters Pack Frozen Fossil Chroma 0.05
25%
Farm Animal Pack Goat Common Free
25%
Medieval Pack Jester Rare 9
25%
Lovely Pack Lovely Frog Chroma Valentine's Day
25%
Wonderland Pack Mad Hatter Epic 2.5
25%
Aquatic Pack Narwhal Epic 3
25%
Aquatic Pack Octopus Rare 6.1
25%
Aquatic Pack Old Boot Uncommon 15
25%
Space Pack Pink Astronaut Chroma 0.05
25%
Pet Pack Puppy Common Free
25%
Medieval Pack Queen Rare 9
25%
Spooky Pack Red Gummy Bear Chroma 0.02
25%
Unreleased Sandwich Epic Unreleased
25%
Blizzard Pack Santa Claus Legendary 1
25%
Farm Animal Pack Sheep Common Free
25%
Outback Pack Sugar Glider Legendary 0.37
25%
Outback Pack Teal Platypus Chroma 0.03
25%
Dino Pack Tyrannosaurus Rex Legendary 0.3
25%
Medieval Pack Unicorn Epic 5
25%
Medieval Pack Wizard Uncommon 13.4
25%
Space Pack Yellow Astronaut Chroma 0.05
25%
Safari Pack Zebra Uncommon 15
25%
Wonderland Pack Alice Uncommon 15
20%
Space Pack Alien Uncommon 18.75
20%
Dino Pack Amber Uncommon 19.5
20%
Bot Pack Angry Bot Uncommon 19.5
20%
Forest Animal Pack Bear Common Free
20%
Aquatic Pack Blobfish Rare 6.1
20%
Wonderland Pack Caterpillar Epic 2.5
20%
Aquatic Pack Crab Uncommon 15
20%
Unreleased Crimson Octopus Chroma Unreleased
20%
Ice Monsters Pack Dink Rare 8.5
20%
Aquatic Pack Dolphin Epic 3
20%
Ice Monsters Pack Donk Rare 8.5
20%
Wonderland Pack Dormouse Rare 6.5
20%
Space Pack Earth Uncommon 18.75
20%
Pet Pack Hamster Common Free
20%
Lovely Pack Lovely Peacock Chroma Valentine's Day
20%
Valentines Day 2023 Exclusive Lovely Planet Chroma Valentines Day 2023
20%
Lovely Pack Lovely Planet Chroma Valentine's Day
20%
Space Pack Meteor Uncommon 18.75
20%
Breakfast Pack Milk Uncommon 12.5
20%
Awarded No Event Party Pig Chroma Awarded
20%
Pirate Pack Pirate Ship Rare 8
20%
Breakfast Pack Pizza Epic 2
20%
Wonderland Pack Queen of Hearts Uncommon 15
20%
Tropical Animal Pack Rhino Common Free
20%
Space Pack Spaceship Epic 4.5
20%
Autumn Pack Turkey Legendary 1
20%
Breakfast Pack Waffle Rare 9
20%
Spooky Pack Werewolf Epic 3.29
20%
Farm Animal Pack Alpaca Common Free
15%
Arctic Animal Pack Arctic Fox Common Free
15%
Bot Pack Brainy Bot Epic 3.7
15%
Space Pack Brown Astronaut Chroma 0.05
15%
Ice Monsters Pack Bush Monster Epic 4.5
15%
Breakfast Pack Cereal Uncommon 12.5
15%
Safari Pack Chameleon Epic 3.48
15%
Aquatic Pack Clownfish Uncommon 15
15%
Unreleased Donut Blobfish Chroma Unreleased
15%
Medieval Pack Dragon Rare 9
15%
Wonderland Pack Drink Me Uncommon 15
15%
Wonderland Pack Eat Me Uncommon 15
15%
Safari Pack Elephant Rare 7
15%
Medieval Pack Elf Uncommon 13.4
15%
Forest Animal Pack Fox Common Free
15%
Tropical Animal Pack Gorilla Common Free
15%
Bot Pack Happy Bot Uncommon 19.5
15%
Spooky Pack (RETIRED) Haunted Pumpkin Chroma Spooky Pack 2019-21
15%
Ice Monsters Pack Ice Bug Uncommon 19.5
15%
Pet Pack Kitten Common Free
15%
Lucky Pack Leprechaun Chroma St. Patrick's Day
15%
Bot Pack Lovely Bot Uncommon 19.5
15%
Spooky Pack Mummy Rare 4
15%
Space Pack Orange Astronaut Chroma 0.05
15%
Breakfast Pack Orange Juice Uncommon 12.5
15%
Breakfast Pack Pancakes Rare 9
15%
Tropical Animal Pack Parrot Common Free
15%
Safari Pack Peacock Rare 7
15%
Space Pack Planet Rare 10
15%
Arctic Animal Pack Polar Bear Common Free
15%
Aquatic Pack Pufferfish Rare 6.1
15%
Spooky Pack Pumpkin Uncommon 18.5
15%
Unreleased Purple Astronaut Chroma Unreleased
15%
Pet Pack Rabbit Common Free
15%
L.U.N.C.H Rainbow Astronaut Mystical Awarded
15%
Unreleased Rainbow Narwhal Chroma Unreleased
15%
Bug Pack Rhino Beetle Uncommon 19.625
15%
Medieval Pack Slime Monster Uncommon 13.4
15%
Spring Pack Spring Deer Chroma Easter
15%
Space Pack Stars Uncommon 18.75
15%
Tropical Animal Pack Toucan Common Free
15%
Pet Pack Turtle Common Free
15%
Arctic Animal Pack Walrus Common Free
15%
Wonderland Pack White Rabbit Rare 6.5
15%
Medieval Pack Witch Uncommon 13.4
15%
Bug Pack Worm Rare 9
15%
Autumn Pack Autumn Cat Rare 9
10%
Autumn Pack Autumn Crow Epic 2.95
10%
Autumn Pack Black Bear Uncommon 19.5
10%
Bot Pack Buddy Bot Rare 9
10%
Spooky Pack Candy Corn Rare 4
10%
Pirate Pack Captain Blackbeard Legendary 0.37
10%
Spooky Pack Caramel Apple Rare 4
10%
Wonderland Pack Cheshire Cat Rare 6.5
10%
Spooky Pack Crow Rare 4
10%
Pokemon Are Cool Cyan Astronaut Chroma Awarded
10%
Outback Pack Dingo Uncommon 18.75
10%
Dino Pack Dino Egg Uncommon 19.5
10%
Blizzard Pack (RETIRED) Elf Sweater Snowman Chroma 0.01
10%
Safari Pack Flamingo Uncommon 15
10%
Tropical Animal Pack Giraffe Common Free
10%
Autumn Pack Golden Pumpkin Pie Chroma 0.05
10%
Ice Monsters Pack Ice Bat Uncommon 19.5
10%
Tropical Animal Pack Jaguar Common Free
10%
Aquatic Pack Jellyfish Uncommon 15
10%
Pirate Pack Jolly Pirate Rare 8
10%
Pirate Pack Kraken Epic 3.67
10%
Safari Pack Lemur Rare 7
10%
Bot Pack Lil Bot Uncommon 19.5
10%
Pokemon Are Cool Lime Astronaut Chroma Awarded
10%
Lovely Pack Lovely Rabbit Chroma Valentine's Day
10%
Lucky Pack Lucky Bee Chroma St. Patrick's Day
10%
Bug Pack Mantis Epic 2.97
10%
Potions of Pix'ahlia Master Elf Chroma Awarded
10%
Forest Animal Pack Moose Common Free
10%
Forest Animal Pack Owl Common Free
10%
Arctic Animal Pack Penguin Common Free
10%
Autumn Pack Pumpkin Pie Uncommon 19.5
10%
Unreleased Rainbow Jellyfish Chroma Unreleased
10%
Blizzard Pack Reindeer Rare 7.1
10%
Ice Monsters Pack Rock Monster Uncommon 19.5
10%
Arctic Animal Pack Seal Common Free
10%
Safari Pack Sloth Uncommon 15
10%
Blizzard Pack Snow Globe Uncommon 14.5
10%
Contest of Candy Spooky Ghost Mystical Awarded
10%
Contest of Candy Spooky Mummy Chroma Awarded
10%
Contest of Candy Spooky Pumpkin Chroma Awarded
10%
Tropical Animal Pack Tiger Common Free
10%
L.U.N.C.H. Tiger Zebra Chroma Awarded
10%
Breakfast Pack Toast Uncommon 12.5
10%
Dino Pack Triceratops Epic 3.7
10%
Wonderland Pack Two of Spades Uncommon 15.2
10%
Space Pack UFO Rare 10
10%
Spooky Pack Vampire Uncommon 18.5
10%
Bot Pack Watson Rare 9
10%
L.U.N.C.H. White Peacock Chroma Awarded
10%
Spooky Pack Zombie Rare 4
10%
Potions of Pix'ahlia Agent Owl Chroma Awarded
5%
Tropical Animal Pack Anaconda Common Free
5%
Arctic Animal Pack Baby Penguin Common Free
5%
Forest Animal Pack Beaver Common Free
5%
Unreleased Blizzard Clownfish Chroma Unreleased
5%
Blizzard Pack (RETIRED) Blue Sweater Snowman Chroma 0.02
5%
Breakfast Pack Breakfast Combo Uncommon 12.5
5%
Pirate Pack Buccaneer Uncommon 16
5%
Contest of Candy Chick Chicken Chroma Awarded
5%
Contest of Candy Chicken Chick Chroma Awarded
5%
Autumn Pack Chipmunk Uncommon 19.5
5%
Spring Frog Chocolate Rabbit Chroma Easter
5%
Contest of Candy Cookies Combo Chroma Awarded
5%
Blizzard Pack Cozy Baby Penguin Chroma 0.02
5%
Outback Pack Crocadile Epic 3.6
5%
Pirate Pack Deckhand Uncommon 16
5%
Forest Animal Pack Deer Common Free
5%
Dino Pack Dino Fossil Uncommon 19.5
5%
Medieval Pack Fairy Uncommon 13.4
5%
Bug Pack Fly Uncommon 19.625
5%
Spooky Pack Frankenstein Uncommon 18.5
5%
Spooky Pack (RETIRED) Ghost Cookie Chroma Spooky Pack 2022
5%
Blizzard Pack Gingerbread House Rare 7.1
5%
Blizzard Pack Gingerbread Man Rare 7.1
5%
Forest Animal Pack Hedgehog Common Free
5%
Blizzard Pack Holiday Elf Chroma 0.03
5%
Blizzard Pack Hot Chocolate Uncommon 14.5
5%
Ice Monsters Pack Ice Elemental Uncommon 19.5
5%
Outback Pack Joey Rare 7
5%
Outback Pack Kangaroo Rare 7
5%
Outback Pack Koala Uncommon 18.75
5%
Outback Pack Kookaburra Uncommon 18.75
5%
Bug Pack Ladybug Uncommon 19.625
5%
Lovely Pack Lovely Fox Chroma Valentine's Day
5%
Lucky Pack Lucky Hamster Chroma St. Patrick's Day
5%
Tropical Animal Pack Macaw Common Free
5%
Aquatic Pack Megaladon Legendary 0.2
5%
Tropical Animal Pack Orangutan Common Free
5%
Outback Pack Platypus Rare 7
5%
Spooky Pack (RETIRED) Pumpkin Cookie Chroma Spooky Pack 2022
5%
Autumn Pack Pumpkin Puppy Rare 9
5%
Blizzard Pack (RETIRED) Red Sweater Snowman Chroma 0.02
5%
Contest of Candy Santa Claws Chroma Awarded
5%
Arctic Animal Pack Snowy Owl Common Free
5%
Spring Pack Spring Rabbit Chroma Easter
5%
Forest Animal Pack Squirrel Common Free
5%
Blizzard Pack Stocking Uncommon 14.5
5%
Safari Pack Tenrec Uncommon 15
5%
Pirate Pack Treasure Map Uncommon 16
5%
Blizzard Pack (RETIRED) Tropical Globe Chroma Blizzard Pack Legacy
5%
Contest of Candy Vampire Frog Chroma Awarded
5%
Forest Animal Pack Wolf Common Free
5%
Breakfast Pack Yogurt Uncommon 12.5
5%
Contest of Candy Anaconda Wizard Chroma Awarded
0%
Arctic Animal Pack Arctic Hare Common Free
0%
Dino Pack Brontosauraus Rare 9
0%
Tropical Animal Pack Capuchin Common Free
0%
Contest of Candy Chilly Flamingo Chroma Awarded
0%
Tropical Animal Pack Cockatoo Common Free
0%
Autumn Pack Cornucopia Uncommon 19.5
0%
Outback Pack Echidna Uncommon 18.75
0%
Blizzard Pack (RETIRED) Egypt Snow Glope Chroma Blizzard Pack 2022
0%
Blizzard Pack (RETIRED) Frost Wreath Chroma Blizzard Pack Legacy
0%
Contest of Candy Hamsta Claws Mystical Awarded
0%
Tropical Animal Pack Hippo Common Free
0%
Blizzard Pack Holiday Gift Uncommon 14.5
0%
Blizzard Pack Holiday Wreath Uncommon 14.5
0%
Blizzard Pack (RETIRED) Japan Snow Globe Chroma Blizzard Pack 2022
0%
Unreleased Lemon Crab Chroma Unreleased
0%
Blizzard Pack (RETIRED) London Snow Globe Chroma Blizzard Pack 2022
0%
Blizzard Pack (RETIRED) New York Snow Globe Chroma Blizzard Pack 2022
0%
Contest of Candy Nutcracker Koala Chroma Awarded
0%
Contest of Candy Owl Sherrif Chroma Awarded
0%
Tropical Animal Pack Panther Common Free
0%
Blizzard Pack (RETIRED) Paris Snow Globe Chroma Blizzard Pack 2022
0%
Unreleased Poison Dart Frog Chroma Unreleased
0%
Contest of Candy Pumpkin King Chroma Awarded
0%
Forest Animal Pack Raccoon Common Free
0%
Contest of Candy Raccoon Bandit Chroma Awarded
0%
Pirate Pack Seagull Uncommon 16
0%
Contest of Candy Snowy Bush Monster Chroma Awarded
0%
Dino Pack Stegosauraus Uncommon 19.5
0%
Spooky Pack Swamp Monster Uncommon 18.5
0%
Pirate Pack Swashbuckler Uncommon 16
0%
Dino Pack Velociraptor Rare 9
0%
No matching quizzes found
Score Distribution
Percent of People with Each Score
Percentile by Number Answered
Your Score History
You have not taken this quiz since the last reset